| 000 | 00362nam a2200133Ia 4500 | ||
|---|---|---|---|
| 005 | 20260326235456.0 | ||
| 008 | 260326s9999||||xx |||||||||||||| ||und|| | ||
| 100 | _aHall, Margaret | ||
| 245 | 0 |
_aOn disPlay : _b A Design grammar for museum exhibitions / _cMargaret Hall |
|
| 260 | _bLund Humphries | ||
| 300 | _a256 p. | ||
| 650 | _aARQUITECTURA CIVIL | ||
| 942 | _cBK | ||
| 999 |
_c7924 _d7924 |
||